سيدة البحيرة / (رقم التسجيلة. 100205)

تفاصيل مارك
000 -الفاتح
عناصر البيانات ثابتة الطول 00893cam a2200265 i 4500
005 - تاريخ ووقت آخر معاملة
حقل ضبط 20260215101332.0
008 - عناصر البيانات ثابتة الطول
عناصر البيانات ثابتة الطول 250721s1993 le gr 000 j ara d
020 ## - الترقيم الدولي المعياري للكتب (ردمك)
الترقيم الدولي المعياري للكتب (ردمك) 1855131641
041 1# - كود اللغة
كود اللغة لنص/مسار صوت أو عنوان منفصل ara
كود اللغة للأصل eng
082 14 - رقم تصنيف ديوي العشري
رقم التصنيف ق/شان
رقم المادة ش ا ن
100 1# - مدخل رئيسي – اسم شخصي
الاسم الشخصي شاندلر، ريمون
علاقة الشخص بالعمل/ دوره مؤلف.
245 10 - بيان العنوان
العنوان سيدة البحيرة /
بيان المسؤولية ريمون شاندلر، فيليب مالو ؛ ترجمة سمية فلو عبود.
246 11 - الأشكال المختلفة للعنوان
العنوان الفعلي/العنوان المختصر the lady in the lake
250 ## - بيان الطبعة
بيان الطبعة الطبعة الأولى.
264 31 - بيانات النشر، التوزيع…إلخ
مكان النشر، التوزيع...إلخ بيروت :
اسم الناشر، الموزع...إلخ صوت الناس،
تاريخ النشر، التوزيع...إلخ 1993.
300 ## - الوصف المادي
عدد الوحدات المكونة للوعاء 430 صفحة.
490 0# - بيان السلسلة
عنوان السلسلة البوليسية.
650 17 - مدخل إضافي بالموضوع - مصطلح موضوعي
مصطلح موضوعي أو اسم جغرافي كعنصر مدخل أدب المترجم.
650 17 - مدخل إضافي بالموضوع - مصطلح موضوعي
مصطلح موضوعي أو اسم جغرافي كعنصر مدخل القصص.
700 1# - مدخل إضافي - اسم شخصي
الاسم الشخصي مارلو، فيليب
علاقة الشخص بالعمل/ دوره مؤلف.
700 1# - مدخل إضافي - اسم شخصي
الاسم الشخصي عبود، سمية فلو
علاقة الشخص بالعمل/ دوره مترجم.
830 #0 - مدخل إضافي بالسلسلة-عنوان مقنن
عنوان السلسسلة البوليسية.
942 ## - بيانات إضافية (كوها)
نوع التنصيف Dewey Decimal Classification
نوع المادة (كوها) كتب
المقتنيات
حالة السحب حالة الفقدان مصدر التصنيف حالة التلف غير قابل للإعارة المكتبة الرئيسية المكتبة الحالية موقع الرف تاريخ التزويد الرقم المتسلسل Total Checkouts رقم الإستدعاء الباركود تاريخ آخر ظهور تاريخ الفاتورة نوع المادة (كوها)
    Dewey Decimal Classification     المكتبة المركزية المكتبة المركزية الإعارة 28/07/2025 865128   ق / ش ا ن 865128 28/07/2025 28/07/2025 كتب
    Dewey Decimal Classification     المكتبة المركزية المكتبة المركزية مقتنيات قسم التزويد 28/07/2025 1499999   ق/شان   28/07/2025 28/07/2025 كتب
Implemented & Customized by: BBB with SCIT (Smart Chains for Information Technology)

Powered by Koha